00810 a2200205 4500020001500000050001600015245009100031264003400122300003200156500002200188650001300210650002100223650001700244700002700261700002500288700002900313856008500342856007300427856010400500 a002801289500aR123BEC200200aGlencoe medical terminology :blanguage for health care /cJoanne Becker ... [et al.]. aNew York:bMcGraw-Hill,c2002 axxlv, 720 p. :bcol. ill. ; aIncludes indexes. 0aMedicine 0aMedical sciences12aTerminology.1 aGalewick Saraheauthor1 aThierer Ninaeauthor1 aThomas Janette Beauthor423Publisher descriptionuhttp://www.loc.gov/catdir/description/mh031/00045469.html413Table of contentsuhttp://www.loc.gov/catdir/toc/mh031/00045469.html423Contributor biographical informationuhttp://www.loc.gov/catdir/enhancements/fy0737/00045469-b.html